Integrace ESG rizik do posouzení úvěrového rizika

Zverejnením záverečnej správy z 8. 1. 2025 k metodike riadenia ESG rizík zavŕšila EBA (European Bank Authority) regulatórny rámec pre riadenie ESG rizík. Čo to znamená pre banky? Definícia a terminológia ESG rizík a faktorov. Rámec ESG rizík.

Enregistré dans:
Détails bibliographiques
Auteur principal: Suchomel, Tomáš
Format: Chapitre de livre
Langue:tchèque
Sujets:
Tags: Ajouter un tag
Pas de tags, Soyez le premier à ajouter un tag!

MARC

LEADER 00000naa a2200000 4500
001 0312335
005 20250917105956.2
041 0 |a cze 
044 |a CZ 
245 1 0 |a Integrace ESG rizik do posouzení úvěrového rizika  |c Tomáš Suchomel 
520 |a Zverejnením záverečnej správy z 8. 1. 2025 k metodike riadenia ESG rizík zavŕšila EBA (European Bank Authority) regulatórny rámec pre riadenie ESG rizík. Čo to znamená pre banky? Definícia a terminológia ESG rizík a faktorov. Rámec ESG rizík. 
610 2 0 |a bankovníctvo 
610 2 0 |a ESG 
610 2 0 |a riziko 
610 2 0 |a regulácia 
610 2 0 |a Európska únia 
100 1 |a Suchomel, Tomáš